Deutsche Auslandsvertretungen - Statistiken

Allgemein
  • Dieses Quiz wurde 258 mal gespielt
  • Das Durchschnittsergebnis liegt bei 146 aus 227
Antwortstatistiken
Land Vertretung Sitz % Korrekt
Afghanistan Botschaft Kabul
96%
Ägypten Botschaft Kairo
92%
Belgien Botschaft | Ständige Vertretung Brüssel
90%
Frankreich Botschaft | Ständige Vertretung Paris
89%
China Botschaft Peking
89%
Brasilien Botschaft Brasília
87%
Heiliger Stuhl | Italien Botschaft | Ständige Vertretung Rom
87%
Spanien Botschaft Madrid
86%
Griechenland Botschaft Athen
85%
Argentinien Botschaft Buenos Aires
85%
Dänemark Botschaft Kopenhagen
85%
Vereinigtes Königreich Botschaft London
85%
Vereinigte Staaten von Amerika Generalkonsulat | Ständige Vertretung New York
85%
Vereinigte Staaten von Amerika Botschaft Washington
85%
Österreich Botschaft | Ständige Vertretung Wien
85%
Algerien Botschaft Algier
84%
Niederlande Generalkonsulat Amsterdam
84%
Schweiz Botschaft Bern
84%
Finnland Botschaft Helsinki
84%
Russland Botschaft Moskau
84%
Australien Generalkonsulat Sydney
84%
Japan Botschaft Tokyo
84%
Polen Botschaft Warschau
84%
Australien Botschaft Canberra
83%
Norwegen Botschaft Oslo
83%
Türkei Botschaft Ankara
82%
Türkei Generalkonsulat Istanbul
82%
Luxemburg Botschaft Luxemburg
82%
Iran Botschaft Teheran
82%
Irland Botschaft Dublin
81%
Singapur Botschaft Singapur
81%
Spanien Generalkonsulat Barcelona
80%
Ungarn Botschaft Budapest
80%
Niederlande Botschaft | Ständige Vertretung Den Haag
80%
Ukraine Botschaft Kiew
80%
Portugal Botschaft Lissabon
80%
Mexiko Botschaft Mexiko-Stadt
80%
Panama Botschaft Panama
80%
Tschechische Republik Botschaft Prag
80%
Lettland Botschaft Riga
80%
Brasilien Generalkonsulat São Paulo
80%
Republik Korea Botschaft Seoul
80%
Bulgarien Botschaft Sofia
80%
Albanien Botschaft Tirana
80%
Libanon Botschaft Beirut
79%
Weißrussland Botschaft Minsk
79%
China Generalkonsulat Shanghai
79%
Israel Botschaft Tel Aviv
79%
Äthiopien Botschaft Addis Abeba
78%
Irak Botschaft Bagdad
78%
Rumänien Botschaft Bukarest
78%
Kuba Botschaft Havanna
78%
Peru Botschaft Lima
78%
Kenia Botschaft Nairobi
78%
Demokratische Volksrepublik Korea Botschaft Pjöngjang
78%
Chile Botschaft Santiago de Chile
78%
Schweden Botschaft Stockholm
78%
Estland Botschaft Tallinn
78%
Südafrika Generalkonsulat Kapstadt
77%
Italien Generalkonsulat Mailand
77%
Tunesien Botschaft Tunis
77%
Vereinigte Staaten von Amerika Generalkonsulat Los Angeles
76%
Frankreich Generalkonsulat Lyon
76%
Indien Botschaft New Delhi
76%
Island Botschaft Reykjavik
76%
Saudi-Arabien Botschaft Riad
76%
Aserbaidschan Botschaft Baku
75%
China Generalkonsulat Hongkong
75%
Kanada Botschaft Ottawa
75%
Marokko Botschaft Rabat
75%
Kroatien Botschaft Zagreb
75%
Thailand Botschaft Bangkok
74%
Bangladesch Botschaft Dhaka
74%
Vietnam Botschaft Hanoi
74%
Frankreich Generalkonsulat Marseille
74%
Vereinigte Staaten von Amerika Generalkonsulat Miami
74%
Indien Generalkonsulat Mumbai
74%
Bosnien und Herzegowina Botschaft Sarajewo
74%
Kolumbien Botschaft Bogotá
73%
Guatemala Botschaft Guatemala-Stadt
73%
Indonesien Botschaft Jakarta
73%
Kuwait Botschaft Kuwait
73%
Philippinen Botschaft Manila
73%
Malta Botschaft Valletta
73%
Neuseeland Botschaft Wellington
73%
Venezuela Botschaft Caracas
72%
Pakistan Botschaft Islamabad
72%
Jamaika Botschaft Kingston
72%
Malaysia Botschaft Kuala Lumpur
72%
Bolivien Botschaft La Paz
72%
Brasilien Generalkonsulat Rio de Janeiro
72%
Russland Generalkonsulat St. Petersburg
72%
Vereinigte Staaten von Amerika Generalkonsulat Chicago
71%
Senegal Botschaft Dakar
71%
Schweiz Ständige Vertretung Genf
71%
Georgien Botschaft Tiflis
71%
Jordanien Botschaft Amman
70%
Kasachstan Botschaft Nur-Sultan
70%
Südafrika Botschaft Pretoria
70%
Vereinigte Staaten von Amerika Generalkonsulat San Francisco
70%
Serbien Botschaft Belgrad
69%
Vereinigte Staaten von Amerika Generalkonsulat Boston
69%
Syrien Botschaft Damaskus
69%
Frankreich Generalkonsulat | Ständige Vertretung Straßburg
69%
Vereinigte Arabische Emirate Botschaft Abu Dhabi
68%
Vereinigte Arabische Emirate Generalkonsulat Dubai
68%
Angola Botschaft Luanda
68%
Uruguay Botschaft Montevideo
68%
Kanada Generalkonsulat Vancouver
68%
Zypern Botschaft Nikosia
67%
Kosovo Botschaft Pristina
67%
Katar Botschaft Doha
66%
Demokratische Republik Kongo Botschaft Kinshasa
66%
Slowakei Botschaft Pressburg
66%
Ecuador Botschaft Quito
66%
Madagaskar Botschaft Antananarivo
65%
Vereinigtes Königreich Generalkonsulat Edinburgh
65%
Armenien Botschaft Eriwan
65%
Haiti Botschaft Port-au-Prince
65%
Kanada Generalkonsulat Toronto
65%
Libyen Botschaft Tripolis
65%
Litauen Botschaft Wilna
65%
Kanada Generalkonsulat Montreal
64%
Mongolei Botschaft Ulan Bator
64%
Ghana Botschaft Accra
63%
Japan Generalkonsulat Osaka-Kobe
63%
Vereinigte Staaten von Amerika Generalkonsulat Houston
62%
Frankreich Generalkonsulat Bordeaux
61%
Türkei Generalkonsulat Izmir
61%
Griechenland Generalkonsulat Thessaloniki
61%
Nigeria Botschaft Abuja
60%
Nigeria Generalkonsulat Lagos
60%
Polen Generalkonsulat Danzig
59%
Dschibuti Botschaft Dschibuti
59%
Spanien Konsulat Palma
59%
Kambodscha Botschaft Phnom Penh
59%
Jemen Botschaft Sanaa
59%
Dominikanische Republik Botschaft Santo Domingo
59%
Paraguay Botschaft Asunción
58%
Nepal Botschaft Kathmandu
58%
Slowenien Botschaft Laibach
58%
Nordmazedonien Botschaft Skopje
58%
Namibia Botschaft Windhuk
57%
Vereinigte Staaten von Amerika Generalkonsulat Atlanta
56%
Republik Kongo Botschaft Brazzaville
56%
Sri Lanka Botschaft Colombo
56%
Polen Generalkonsulat Krakau
56%
Moldawien Botschaft Chisinau
55%
Usbekistan Botschaft Taschkent
55%
Tansania Botschaft Daressalam
54%
Sierra Leone Botschaft Freetown
54%
Vietnam Generalkonsulat Ho-Chi-Minh-Stadt
54%
Sudan Botschaft Khartum
54%
Honduras Botschaft Tegucigalpa
54%
Ruanda Botschaft Kigali
53%
Togo Botschaft Lomé
53%
Nicaragua Botschaft Managua
53%
Trinidad und Tobago Botschaft Port-of-Spain
53%
Polen Generalkonsulat Breslau
52%
Oman Botschaft Maskat
52%
Türkei Konsulat Antalya
51%
Mosambik Botschaft Maputo
51%
Laos Botschaft Vientiane
51%
Simbabwe Botschaft Harare
49%
Uganda Botschaft Kampala
49%
Südsudan Botschaft Dschuba
47%
Kamerun Botschaft Jaunde
47%
Mali Botschaft Bamako
46%
Kirgisistan Botschaft Bischkek
46%
Indien Generalkonsulat Kalkutta
46%
Bahrain Botschaft Manama
46%
Burkina Faso Botschaft Ouagadougou
45%
Indien Generalkonsulat Chennai
44%
Sambia Botschaft Lusaka
44%
Liberia Botschaft Monrovia
44%
Montenegro Botschaft Podgorica
44%
Tadschikistan Botschaft Duschanbe
43%
Costa Rica Botschaft San José
43%
Kasachstan Generalkonsulat Almaty
42%
Botswana Botschaft Gaborone
42%
Pakistan Generalkonsulat Karachi
42%
Elfenbeinküste Botschaft Abidjan
41%
Eritrea Botschaft Asmara
41%
China Generalkonsulat Kanton
41%
Irak Generalkonsulat Erbil
40%
Mauretanien Botschaft Nouakchott
40%
Russland Generalkonsulat Nowosibirsk
40%
China Generalkonsulat Chengdu
39%
Brunei Botschaft Bandar Seri Begawan
38%
Brasilien Generalkonsulat Recife
38%
Guinea Botschaft Conakry
37%
Gabun Botschaft Libreville
37%
Spanien Konsulat Málaga
37%
Tschad Botschaft N'Djamena
37%
Niger Botschaft Niamey
37%
Indien Generalkonsulat Bangalore
36%
Israel Vertretungsbüro Ramallah
36%
Spanien Konsulat Las Palmas de Gran Canaria
35%
Myanmar Botschaft Rangun
35%
Turkmenistan Botschaft Aschgabat
34%
Malawi Botschaft Lilongwe
34%
Ukraine Generalkonsulat Donezk
32%
Russland Generalkonsulat Jekaterinburg
32%
Äquatorialguinea Botschaft Malabo
32%
Benin Botschaft Cotonou
30%
Saudi-Arabien Generalkonsulat Djidda
29%
Rumänien Konsulat Hermannstadt
28%
Brasilien Generalkonsulat Porto Alegre
28%
Burundi Botschaft Bujumbura
27%
Russland Generalkonsulat Kaliningrad
26%
Taiwan Deutsches Institut Taipei
25%
Afghanistan Generalkonsulat Masar-e Scharif
22%
Polen Konsulat Oppeln
22%
Rumänien Konsulat Temeswar
22%
China Generalkonsulat Shenyang
18%
Keine übereinstimmenden Quizze gefunden
Verteilung der Resultate
Anzahl Personen mit jedem Resultat
Perzentil nach korrekt beantworteten Fragen
Ihre Resultats-Entwicklung
Sie haben dieses Quiz noch nicht gespielt